| 000 | 01062nam a2200253 i 4500 | ||
|---|---|---|---|
| 001 | 18504 | ||
| 003 | ES-MaACL | ||
| 005 | 20250728043235.0 | ||
| 007 | t| | ||
| 008 | 020116s1889 sp |||| | spa d | ||
| 080 | _a321.7 | ||
| 100 | 1 |
_aCánovas del Castillo, Antonio, _d1828-1897 _934600 |
|
| 245 | 1 | 0 | _aDiscurso leído por el Excmo. Señor D. Antonio Cánovas del Castillo el día 6 de noviembre de 1889 en el Ateneo Científico y Literario de Madrid con motivo de la apertura de sus cátedras. |
| 260 |
_aMadrid : _b[s.n.], _c1889 ( _fImp. de A. Pérez Dubrull) |
||
| 300 |
_a96 p. ; _c23 cm. |
||
| 530 | _aDisponible en formato digital. | ||
| 594 | _aTema: Modos diversos con que la soberanía se ejerce en las democracias modernas. | ||
| 610 | 2 | 4 |
_aAteneo de Madrid- _vDiscursos de apertura- _yS.XIX. _91912 |
| 650 | 0 | 0 |
_aSoberanía. _917146 |
| 650 | 7 |
_aDemocracia _2embne _911574 |
|
| 852 |
_aES-MaACL _jB-1627(1) |
||
| 856 |
_uhttp://bdh-rd.bne.es/viewer.vm?id=0000093051&page=1 _zBiblioteca Digital Hispánica |
||
| 999 |
_c18504 _d18504 |
||